LEADER 00963nam a2200229 i 4500 001 000000038045 003 CaOOAMICUS 005 20121231000000.0 008 121231s1959 it u000 u ita u 013 $a8450 040 $aSeMil$bita 245 12$aL'abbazia di Viboldone. 260 $aMilano :$bBanca Popolare di Milano,$c1959. 300 $a34 p., [74] p. di tav. ;$c25 cm. 650 4$aArchitettura monastica.$0(OLS)http://semarc/subject/7676 650 4$aSan Giuliano Milanese - Viboldone - Abbazia dei Santi Pietro e Paolo di Viboldone.$0(OLS)http://semarc/subject/7682 700 1 $aCastelfranchi Vegas, Liana,$d<1924-2013>.$0(OLS)http://semarc/name/9118 850 $aSeMil 852 $aSeMil$W1$xVenegono$y1$m3P V 126$j4200$B4200$CSeMilBibl$Z2$F4200 $81 961 $aOmaggio: Donazione 996 $6245$aL'abbazia di Viboldone$9(OLS)http://semarc/title/53551 996 $6260$aMilano :$bBanca Popolare di Milano$9(OLS)http://semarc/publisher/33873 LEADER 01292nam a2200301 i 4500 001 000000068418 003 CaOOAMICUS 005 19990510000000.0 008 990510s1992 it u000 u ita u 013 $a39590 020 $a88-7673-089-3 040 $aSeMil$bita 100 1 $aCanosa, Romano,$d<1935-2010>.$0(OLS)http://semarc/name/1416 245 10$aStoria dell'Inquisizione spagnola in Italia /$cRomano Canosa. 260 $aRoma :$bSapere 2000,$c1992. 300 $a314 p. ;$c21 cm. 490 0 $aSapere 2000 ;$v61.CDD 320 500 $aContiene : Bibliografia. - Dono di mons. Antonio Rimoldi. 650 4$aInquisizione - Italia.$0(OLS)http://semarc/subject/4231 650 4$aSardegna - Storia religiosa.$0(OLS)http://semarc/subject/6464 650 4$aSicilia - Storia religiosa.$0(OLS)http://semarc/subject/4964 830 0$aSapere 2000 ;$v61.CDD 320.$0(OLS)http://semarc/title/27968 850 $aSeMil 852 $aSeMil$W1$xVenegono$y1$m3A VI 56$j34571$B34571$CSeMilBibl$Z2$F34574 $81 961 $aAcquisto: Rimoldi mons. Antonio 996 $6020$a88-7673-089-3$9(OLS)http://semarc/number/46601 996 $6245$aStoria dell'Inquisizione spagnola in Italia$9(OLS)http://semarc/title/109212 996 $6260$aRoma :$bSapere 2000$9(OLS)http://semarc/publisher/30306